Đi vào nghiên cứu khoa học /

Saved in:
Bibliographic Details
Main Author: Nguyễn Văn Tuấn.
Format: Book (Paper)
Language:Vietnamese
Published: TP. HCM : Tổng hợp, 2011.
Series:Tủ sách kiến thức.
Subjects:
Tags: Add Tag
No Tags, Be the first to tag this record!
Institutions: Thư viện Trường Đại học Đà Lạt
LEADER 00732nam a2200301 4500
001 DLU140161801
005 ##20140527
040 # # |a DLU  |b vie 
041 # # |a vie 
044 # # |a vn 
082 # # |a 001.4  |b NG-T 
100 # # |a Nguyễn Văn Tuấn. 
245 # # |a Đi vào nghiên cứu khoa học /  |c Nguyễn Văn Tuấn. 
260 # # |a TP. HCM :  |b Tổng hợp,  |c 2011. 
300 # # |a 305 tr. ;  |c 19 cm. 
490 # # |a Tủ sách kiến thức. 
650 # # |a Khoa học  |x Phương pháp luận. 
923 # # |a 06/2013 
991 # # |a SH 
992 # # |a 65000 
994 # # |a DLU 
900 # # |a True 
911 # # |a Đào Thị Thu Huyền 
925 # # |a G 
926 # # |a A 
927 # # |a SH 
980 # # |a Thư viện Trường Đại học Đà Lạt